000 00486nam a22001697a 4500
005 20231030081406.0
008 231030b |||||||| |||| 00| 0 eng d
020 _a0628011601
041 _aEnglish
082 _a657 ZEI
100 _aZeiss,RKR
_lEnglish
245 _aBookkeeping for Attorneys /
_cRKR Zeiss
260 _aJohannesburg :
_bPerskor Publishers,
_c1977
300 _b159 pages ;
_c22, 5 cm.
650 _alegal practice
_bLaw
942 _cBK
_6ALISON_BN_VRIES
999 _c125
_d125